000 00922nam a2200265Ia 4500
003 OSt
005 20221005104315.0
006 a|||||r|||| 00| 0
007 ta
008 221004b |||||||| |||| 00| 0 hin d
020 _a9788173159961 (hbk)
_c200
024 _a26113
037 _b2343, 19/03/2016, Success Book Service
_cTextual
040 _aCRL
_cCRL
_bhin
041 _2hin
_ahin
082 _aO152,3N24,DR, Q4
100 _aशर्मा, मनु
245 0 _aद्रौपदी की आत्मकथा
246 _aDraupadī kī ātmakathā
260 _aदिल्ली
_bप्रभात प्रकाशन भारत
_c2014
300 _a135पृ0
_ccm.
650 _aहिन्दी साहित्य
942 _hO152,3N24,DR, Q4
_cTEXL
_2cc
999 _c1012326
_d1012326